América Latina: políticas exteriores comparadas
Saved in:
| Main Author: | |
|---|---|
| Format: | Book |
| Language: | Spanish |
| Published: |
Buenos Aires
GEL
1984
|
| Series: | Estudios Internacionales
|
| Subjects: | |
| Tags: |
Add Tag
No Tags, Be the first to tag this record!
|
MARC
| LEADER | 00000nam a2200000 a 4500 | ||
|---|---|---|---|
| 001 | UCO7614 | ||
| 003 | CL-VaPUC | ||
| 008 | 001117e19840000AG |||||||||||||||||spa|d | ||
| 082 | 0 | 4 | |a 327.098 |b PUI |2 21 |
| 100 | 0 | |a Puig, Juan Carlos |e author |9 452185 | |
| 245 | 1 | 0 | |a América Latina: políticas exteriores comparadas |
| 300 | |a 2 v | ||
| 942 | |c BK | ||
| 945 | |d 20001117 00:00:00 |a crobeson | ||
| 260 | |a Buenos Aires |b GEL |c 1984 | ||
| 500 | |a Donación del profesor Manfred Wilhelmy von Wolff | ||
| 650 | 0 | |a Política exterior |9 316628 | |
| 650 | 0 | |a Relaciones Internacionales |9 255740 | |
| 650 | 0 | |a Diplomacia |9 256483 | |
| 650 | 0 | |a Acuerdos internacionales |9 337381 | |
| 651 | 0 | |a América Latina |9 255027 | |
| 651 | 0 | |a Argentina |9 254888 | |
| 651 | 0 | |a Brasil |9 267393 | |
| 651 | 7 | |a CENTROAMERICA |2 CL-VaPUC |9 323312 | |
| 651 | 0 | |a Colombia |9 256424 | |
| 651 | 7 | |a CHILE |2 CL-VaPUC |9 452186 | |
| 651 | 0 | |a México |9 255269 | |
| 651 | 0 | |a Perú |9 256567 | |
| 651 | 0 | |a Venezuela |9 254993 | |
| 583 | |a last modification |c 20001117 00:00:00 |k Rodrigo Vera | ||
| 490 | 0 | |a Estudios Internacionales | |
| 999 | |c 292502 |d 292500 | ||
| 952 | |0 0 |1 0 |4 0 |6 327_098000000000000_PUI_1984 |7 0 |8 A |9 343420 |a BIBHIS |b BIBHIS |d 2019-11-20 |h v.1 |i 1228927 |o 327.098 PUI 1984 |p 1228927 |r 2025-01-20 |w 2019-11-20 |y BK |k HIS | ||
| 952 | |0 0 |1 0 |4 0 |6 327_098000000000000_PUI_1984 |7 0 |8 A |9 343421 |a BIBHIS |b BIBHIS |d 2019-11-20 |h v.2 |i 1228935 |o 327.098 PUI 1984 |p 1228935 |r 2025-01-20 |w 2019-11-20 |y BK |k HIS | ||